|
|
|
|
| LEADER |
00000nam0a2200000 4500 |
| 001 |
101905 |
| 005 |
20231031112802.0 |
| 035 |
|
|
|a (RuTPU)RU\TPU\book\109894
|
| 090 |
|
|
|a 101905
|
| 100 |
|
|
|a 20060918d1971 k y0rusy50 ca
|
| 101 |
0 |
|
|a rus
|
| 102 |
|
|
|a RU
|
| 105 |
|
|
|a y a 001zy
|
| 200 |
1 |
|
|a Библиография по термоэлектричеству за 1961-1968 гг.
|f Академия наук СССР, Ин-т полупроводников; сост. Е. И. Гусенкова, И. Е. Круглова, Н. З. Никитина, Л. А. Фунт; науч. ред. А. И. Блум
|
| 210 |
|
|
|a Ленинград
|c Наука
|d 1971
|
| 215 |
|
|
|a 292 с.
|
| 320 |
|
|
|a Авторский указатель: с. 262-292
|
| 610 |
1 |
|
|a термоэлектричество
|
| 610 |
1 |
|
|a термоэлектрические материалы
|
| 610 |
1 |
|
|a термоэлектрические устройства
|
| 610 |
1 |
|
|a полупроводники
|
| 610 |
1 |
|
|a библиографические указатели
|
| 675 |
|
|
|a 621.3
|v 3
|
| 686 |
|
|
|a Я19
|v LBC/SL-A
|2 rubbk
|
| 702 |
|
1 |
|a Гусенкова
|b Е. И.
|4 220
|
| 702 |
|
1 |
|a Круглова
|b И. Е.
|4 220
|
| 702 |
|
1 |
|a Никитина
|b Н. З.
|4 220
|
| 702 |
|
1 |
|a Фунт
|b Л. А.
|4 220
|
| 702 |
|
1 |
|a Блум
|b А. И.
|4 340
|
| 712 |
0 |
2 |
|a Академия наук СССР (АН СССР)
|b Институт полупроводников (ИП)
|c (1954-1972)
|c (Ленинград)
|2 stltpush
|3 (RuTPU)RU\TPU\col\1126
|
| 801 |
|
1 |
|a RU
|b 63413507
|c 20060918
|g PSBO
|
| 801 |
|
2 |
|a RU
|b 63413507
|c 20120713
|g PSBO
|
| 942 |
|
|
|c BK
|